[Event "Montigny le Bretonneux op 10th"]
[Site "Montigny le Bretonneux"]
[Date "2011.10.28"]
[Round "7"]
[White "Schweisguth, Etienne"]
[Black "Mongey, Alain"]
[Result "1-0"]
[WhiteElo "1662"]
[BlackElo "1704"]
[PlyCount "117"]
[EventDate "2011.10.22"]
[EventType "swiss"]
[EventRounds "9"]
[EventCountry "FRA"]
[SourceTitle "EXT 2012"]
[Source "ChessBase"]
[SourceDate "2011.11.24"]
[SourceVersion "1"]
[SourceVersionDate "2011.11.24"]
[SourceQuality "1"]

1. d4 e6 2. c4 Nf6 3. Nf3 d5 4. g3 Nbd7 5. Bg2 c6 6. Nbd2 Be7 7. Qc2 0-0 8. 0-0 h6 9. e4 dxe4 10. Nxe4 Nxe4 11. Qxe4 Nb6 12. Qe2 Bf6 13. Rd1 Qe7 14. Bf4 Rd8 15. Be5 Nd7 16. Re1 Bxe5 17. dxe5 c5 18. Nd2 Rb8 19. f4 b6 20. Ne4 Bb7 21. Nd6 Bxg2 22. Qxg2 Nf8 23. Rad1 a6 24. Qe2 Ng6 25. Rd2 Qa7 26. Rdd1 Ne7 27. g4 Nc6 28. f5 Nd4 29. Qe4 Qa8 30. Qxa8 Rxa8 31. Kg2 Rd7 32. fxe6 Nxe6 33. Nf5 Rxd1 34. Rxd1 Rd8 35. Rd6 Rxd6 36. exd6 Kf8 37. Kf3 Ke8 38. Ke4 Kd7 39. Ke5 f6+ 40. Ke4 Ng5+ 41. Ke3 Ne6 42. Ke4 Kc6 43. a4 Ng5+ 44. Ke3 g6 45. Nxh6 Kxd6 46. h4 Ne6 47. Ke4 Nd8 48. h5 gxh5 49. gxh5 Ne6 50. Ng8 Nf8 51. Kf5 Nh7 52. Nxf6 Nf8 53. h6 a5 54. h7 Nxh7 55. Nxh7 Ke7 56. Ke5 Kd7 57. Nf6+ Kc6 58. Nd5 Kb7 59. Kd6 1-0